<?xml version="1.0" encoding="UTF-8"?>
<record
    xmlns:xsi="http://www.w3.org/2001/XMLSchema-instance"
    xsi:schemaLocation="http://www.loc.gov/MARC21/slim http://www.loc.gov/standards/marcxml/schema/MARC21slim.xsd"
    xmlns="http://www.loc.gov/MARC21/slim">

  <leader>01198nam a22002295a 4500</leader>
  <datafield tag="999" ind1=" " ind2=" ">
    <subfield code="c">7759</subfield>
    <subfield code="d">7759</subfield>
  </datafield>
  <controlfield tag="003">OSt</controlfield>
  <controlfield tag="005">20230719131256.0</controlfield>
  <controlfield tag="008">160614s2016    spc||||fsm||||0|| 0 spa|d</controlfield>
  <datafield tag="020" ind1=" " ind2=" ">
    <subfield code="a">9788449027697</subfield>
  </datafield>
  <datafield tag="040" ind1=" " ind2=" ">
    <subfield code="b">cat</subfield>
    <subfield code="c">CDMR</subfield>
  </datafield>
  <datafield tag="100" ind1="1" ind2=" ">
    <subfield code="a">Corcoy, Marta</subfield>
    <subfield code="9">3347</subfield>
  </datafield>
  <datafield tag="245" ind1="1" ind2="0">
    <subfield code="a">Comunicaci&#xF3; i periodisme a les corporacions locals</subfield>
    <subfield code="h">[recurs electr&#xF2;nic]</subfield>
    <subfield code="b"> : de les primeres eleccions democr&#xE0;tiques al retiment de comptes. Perman&#xE8;ncies i canvis a les not&#xED;cies, del paper als recursos digitals </subfield>
    <subfield code="c">/ Marta Corcoy Rius ; [directora de la tesi: Amparo Moreno Sard&#xE0;]</subfield>
  </datafield>
  <datafield tag="260" ind1=" " ind2=" ">
    <subfield code="a">[S.l.] :</subfield>
    <subfield code="b">Universitat Aut&#xF2;noma de Barcelona,</subfield>
    <subfield code="c">2016</subfield>
  </datafield>
  <datafield tag="300" ind1=" " ind2=" ">
    <subfield code="a">1 recurs electr&#xF2;nic (479 p.)</subfield>
  </datafield>
  <datafield tag="502" ind1=" " ind2=" ">
    <subfield code="a">Tesi doctoral - Universitat Aut&#xF2;noma de Barcelona. Departament de Periodisme i Ci&#xE8;ncies de la Comunicaci&#xF3;, 2016</subfield>
  </datafield>
  <datafield tag="650" ind1=" " ind2="0">
    <subfield code="9">3755</subfield>
    <subfield code="a">Mitjans de comunicaci&#xF3; de massa locals</subfield>
    <subfield code="z">Catalunya</subfield>
    <subfield code="v">Tesis</subfield>
  </datafield>
  <datafield tag="650" ind1=" " ind2="0">
    <subfield code="9">3870</subfield>
    <subfield code="a">Comunicaci&#xF3; en l'administraci&#xF3;</subfield>
    <subfield code="z">Catalunya</subfield>
    <subfield code="v">Tesis</subfield>
  </datafield>
  <datafield tag="700" ind1="1" ind2=" ">
    <subfield code="a">Moreno Sard&#xE0;, Amparo</subfield>
    <subfield code="9">1644</subfield>
  </datafield>
  <datafield tag="710" ind1="2" ind2=" ">
    <subfield code="a">Universitat Aut&#xF2;noma de Barcelona</subfield>
    <subfield code="9">3477</subfield>
    <subfield code="b">. Departament de Periodisme i Ci&#xE8;ncies de la Comunicaci&#xF3;</subfield>
  </datafield>
  <datafield tag="856" ind1="4" ind2="0">
    <subfield code="u">http://hdl.handle.net/10803/400073</subfield>
    <subfield code="y">Acc&#xE9;s en l&#xED;nia</subfield>
  </datafield>
  <datafield tag="942" ind1=" " ind2=" ">
    <subfield code="c">TSN-E</subfield>
    <subfield code="2">udc</subfield>
  </datafield>
  <datafield tag="952" ind1=" " ind2=" ">
    <subfield code="0">0</subfield>
    <subfield code="1">0</subfield>
    <subfield code="4">0</subfield>
    <subfield code="7">0</subfield>
    <subfield code="a">CDMR</subfield>
    <subfield code="b">CDMR</subfield>
    <subfield code="d">2023-07-19</subfield>
    <subfield code="e">Donaci&#xF3;</subfield>
    <subfield code="l">0</subfield>
    <subfield code="o">Disponible en l&#xED;nia</subfield>
    <subfield code="p">CDMR23070011</subfield>
    <subfield code="r">2023-07-19</subfield>
    <subfield code="w">2023-07-19</subfield>
    <subfield code="y">TSN-E</subfield>
  </datafield>
</record>
